000 00572cam a2200193 4500500
005 20260329003049.0
041 _afre
042 _adc
100 1 0 _aNassif, Philippe
_eauthor
245 0 0 _aLa journée du nouveau réaliste
260 _c2014.
500 _a11
690 _aImagination
690 _aMarkus Gabriel
690 _aRéalisme
690 _aRéalité
786 0 _nPhilosophie magazine | 82 | 9 | 2014-09-01 | p. 19-22 | 1951-1787
856 4 1 _uhttps://shs.cairn.info/magazine-philosophie-magazine-2014-9-page-19?lang=fr&redirect-ssocas=7080
999 _c1821088
_d1821088